ՀՀ Գիտությունների ազգային ակադեմիայի հիմնարար գիտական գրադարան  =   Fundamental Scientific Library of NAS RA

Термодинамические свойства расплавов солевых систем : (Record no. 275372)

MARC details
000 -LEADER
fixed length control field 01268nam a2200241 a 4500
001 - CONTROL NUMBER
control field 000745008
003 - CONTROL NUMBER IDENTIFIER
control field AM-YeHGA
005 - DATE AND TIME OF LATEST TRANSACTION
control field 20250617143447.0
008 - FIXED-LENGTH DATA ELEMENTS--GENERAL INFORMATION
fixed length control field 100622s1985 ||| r 000 0 rus d
040 ## - CATALOGING SOURCE
Original cataloging agency AM-YeHGA
041 0# - LANGUAGE CODE
Language code of text/sound track or separate title rus
090 ## - LOCALLY ASSIGNED LC-TYPE CALL NUMBER (OCLC); LOCAL CALL NUMBER (RLIN)
-- 277018
245 00 - TITLE STATEMENT
Title Термодинамические свойства расплавов солевых систем :
Remainder of title Справочное пособие /
Statement of responsibility, etc. Б.Ф. Марков, С.В. Волков, В.Д. Присяжный и др.; Отв. ред.: А.В. Городыский; АН УССР, Ин-т общ. и неорган. химии.
260 ## - PUBLICATION, DISTRIBUTION, ETC.
Place of publication, distribution, etc. Киев :
Name of publisher, distributor, etc. Наук. думка,
Date of publication, distribution, etc. 1985.
300 ## - PHYSICAL DESCRIPTION
Extent 170 с.
500 ## - GENERAL NOTE
General note Авт. указаны на обороте тит. л.
504 ## - BIBLIOGRAPHY, ETC. NOTE
Bibliography, etc. note Библиогр.: с. 160-165
653 0# - INDEX TERM--UNCONTROLLED
Uncontrolled term Соли расплавленные - Термодинамические свойства - - Справочники
653 0# - INDEX TERM--UNCONTROLLED
Uncontrolled term Справочники - Соли расплавленные - Термодинамические свойства
700 1# - ADDED ENTRY--PERSONAL NAME
Personal name Марков, Борис Федорович
710 2# - ADDED ENTRY--CORPORATE NAME
Corporate name or jurisdiction name as entry element Академия наук УССР
710 2# - ADDED ENTRY--CORPORATE NAME
Corporate name or jurisdiction name as entry element Институт общей и неорганической химии АН УССР
Holdings
Withdrawn status Lost status Damaged status Not for loan Collection Home library Current library Date acquired Total checkouts Full call number Barcode Date last seen Price effective from Koha item type Public note
        General Fundamental Scientific Library Fundamental Scientific Library 29/12/2016   PII/535709 FL0163483 29/12/2016 29/12/2016 Գրքեր / Books 30 Days Loan


ՀՀ ԳԱԱ հիմնարար գիտական գրադարան
ՀՀ,Երևան 0019
Մարշալ Բաղրամյան 24/6
հեռախոս:(374-10) 52-47-50
Հետադարձ կապ

All site content, except where otherwise noted, is licensed under a
Creative Commons License